000 00589nam a2200181Ia 4500
008 100920s9999 xx 000 0 und d
082 _b61344
_a891.464 थ 93
100 _aगोडबेाले मंगला.
245 _aमाझी पालकनीती.
260 _bरोहन प्रकाशन, मुंबई 64.
_c1993
300 _a111
_bसाधी
365 _b45
520 _aनिबंध.
630 _aमाझी पालकनीती.
650 _aनिबंध.
730 _aमाझी पालकनीती.
942 _cBOOK
999 _c704562
_d704559